[Event "GMA, Wijk aan Zee NED"]
[Site "?"]
[Date "2003.??.??"]
[Round "3"]
[White "Radjabov,T"]
[Black "Topalov,V"]
[Result "0-1"]
[WhiteElo "2620"]
[BlackElo "2740"]
[PlyCount "122"]
[Annotator "Hathaway"]

1. d4 Nf6 2. c4 e6
{ Topalov has been known to play the hyper-modern openings and a Benko Gambit isn't so unusual for him. Perhaps he thinks he can outplay the younger Radjabov without resorting to any extreme measures. }
3. Nf3 d5 4. g3 Bb4+
{ In some situations this move is terrific. I think for the Catalan it's unusual and not so well-known. I have seen a couple of games with it, in which Black was successful, but they are rare. }
 (4...dxc4 
{ Fritz7 put ...Bb4+ as second best. }
 5. Qa4+ Nbd7 6. Bg2 c5 $11 
{ Fritz7 }) 5. Bd2 Be7
{ After 5. Nc3 it's not so clear Black would've pulled the bishop back. He might have played 5...c6 or 5...O-O and waited to see if the Bb4 would prove to be of any use. }
6. Bg2
{ Generally, White's plan it to blast through the g2-a8 diagonal and to play on the queen-side. Bd2 is awkward at the moment, but could come into play at either f4 or g5. If Black plans to block the diagonal with ...c7-c6 then White builds-up more slowly in the center and aims for e2-e4 to overwhelm Classically. Black can aim for equalizing trades or aim to use his queen-side pawns to block and chase White's pieces (as perhaps in a QGA Alekhine's Variation) . It isn't so easy for Black to find a fixed target for a counter-offensive. }
6...O-O 7. O-O c6 8. Qc2 b6
{ This is the same plan I'd seen before. Black takes his time building up slowly and planning to meet White head-on in the center. }
 (8...Nbd7 
{ Fritz7 }) 9. Bf4 Ba6
{ This Queen's Indian-ish move is new to me. Whether it's the beginning of a new plan or just a short tactical shot before resuming the slower plan isn't clear. It has the benefit of forcing White to wait on Nb1-c3 and resolve the threat to Pc4 first. 10. b3 is probably alright, but with Bf4 the dark squares b2, a3 and c3 will be weaker than usual. }
 (9...Bb7)  (9...dxc4 10. Qxc4 Ba6 11. Qc2 Nd5 
{ Fritz7 }) 10. Nbd2
{ This resupports Pc4 and controls e4, but blocks the d-file, so that Pd4 might be a little weak; it ties-up Nf3 to defending Pd4. }
10...Nbd7
{ I like this ordinary-looking move. It appears to be simple development, perhaps preparing ...Rc8 or controlling c5 & e5 (which it does) , but it might also be preparing ...Nf6-h5xf4 by avoiding Bf4xNb8. White's position isn't stagnant, but Black's looks plenty robust. }
11. Rfd1
{ Black is a lot less likely to play ...dxc4 and ...c6-c5 when there's a rook aligned with Qd8. It also gets off the diagonal with Ba6 to prepare e2-e4. }
11...Rc8 $6 $14
{ according to Fritz7; This might look a little risky as it leaves Ba6 & Pa7 exposed, but it evacuates the g2-a8 diagonal and prepares ...c6-c5. As long as Black has ...Bxc4 and Pe2 is en prise then it's tacticall sound; but just barely. }
 (11...Nh5 12. Be3 Nhf6 
{ Fritz7 }) 12. Rac1 (12. Qa4 Bxc4 13. Nxc4 dxc4 14. Qxc4 
{ Fritz7 agrees with Mark up to here, but then recomends 14...Nd5 }
 14...c5) 12...Nh5
{ Black would like to move Qd8 off the d-file, but Bf4 is a hindrance. It has to go. }
13. e4 $15
{ Fritz7 doesn't like this and switches the evaluation immediately. }
 (13. Be3 $6 
{ After this it doesn't seem likely White will be able to play e2-e4 and Black might even go over to the offense on the king-side with ...f7-f5 (a Dutch Stonewall formation) and other aggressive moves over there. }) 13...Nxf4 14. gxf4
{ This Pf4 will provide some central control, but it's sort of weak. Kg1 is also weakened, so Black need only keep a number of pieces to fight with and not too many weak spots and he should be alright. Immediately it appears Black has to break up some White pawns to avoid a big cramp. The question is whether to capture Pc4 or Pe4. Capturing Pe4 makes Kg1 look less safe, but capturing Pc4 makes Black's queen-side play look better. }
14...Nf6
{ That's a curious choice: delaying the pawn capture decision. I guess he thinks the threat to Pf4 (...Nf6-h5) will cause immediate and serious problems for White. }
15. Ne5 Nh5
{ Isn't it rather remarkable that Pf4 was so apart from the rest of the White pieces that White just let it go, so he could continue his main offensive plan, not worrying so much about his king's safety because Qd8 can't get to the king-side just yet. }
 (15...dxc4 16. Ndxc4 Nd5 
{ Fritz7 shows how to capture Pc4 and target Pf4. If now exd5 then cxd5 and Nc4 is lost and White's pawns are broken asunder. }) 16. Qa4 Bxc4 17. Nxc6 (17. Ndxc4 b5 18. Qa6 bxc4 19. Nxc6 Qd7 20. Nxe7+ Qxe7 21. exd5 Nxf4 
{ is something of a mess, but Kg1 is definately not safe: ...Qe7-g5xg2# and ...Nf4-e2+ are threatened }) 17...b5
{ Bc4 looks very crowded, but there's still d3 and e2 and as long as Pb5 is mobile the bishop might have time to retreat to b5 or a6 and as long as Pe4 remains then there's ...d5xe4 to open up d5 for the bishop. I think it's this kind of open position which gives Black's pieces more mobility and could lead to a serious king-side attack. But, first he must deal with the Nc6 and Qa4. A queen trade when White's knight would be in enemy territory at d8 (after 18. Nxe8 bxa4)  is risky for White to accept. }
 (17...Rxc6 18. Qxc6 Be2 19. Re1 Bb4 $17 
{ Fritz7 }) 18. Qa6 Rxc6
{ Cutting the Gordian knot; Black solves the problem immediately and having captured a pawn at c4 he can already claim material equality. Gaining Pf4 and greater mobility for his remaining pieces would seem to give him some initiative too. }
19. Qxc6 Nxf4 20. Nxc4 bxc4 21. exd5 exd5
{ After this it appears play has to shift toward the king-side. However, Nf4 has to stay in place to keep Pd5 on the board, so there might be time for b2-b3 to continue on the queen-side. }
22. Rc3 Bh4 $5
{ This clears the way for ...Qd8-g5 and guards g3 to prevent Rc3-g3, but that rook has already been en prise (...Nf4-e2+) , so it doesn't make as much sense as ...Be7-b4, preventing b2-b3 and threatening to support ...c4-c3. Perhaps what it is really about is ...Nf4-d3 to attack Pf2 and offer White a way to return material that weakens White's back rank. }
 (22...Bb4 23. Rf3 Qg5 24. Rg3 Ne2+ 25. Kh1 Nxg3+ 26. hxg3 Rd8) 23. Rg3 $2
{ Fritz7 thinks this just allows Black to trade down to a simple ending with all the advantage. A human knows one pawn in a Q+R+pawns ending isn't much. }
23...Re8 $2
{ Fritz7 }
 (23...Bxg3 24. hxg3 Nxg2 25. Kxg2 Re8 $17 
{ Fritz7 }) 24. Rg4 Re6
{ Here comes the cavalry! }
25. Qc5 (25. Qb7 Nxg2 26. Rxg2 Rb6 27. Qxa7 Rxb2 $11 
{ Fritz7 }) 25...Nxg2 $2
{ according to Fritz7; ending some of the pressure on Pd5 and further overworking White's defenses }
 (25...Nd3 26. Qxd5 Rd6 27. Qh5 Bxf2+ 28. Kf1 Bxd4 $17 
{ Fritz7 }) 26. Rxg2
{ awkwardly placed for certain, but White has an exchange, so he might feel secure }
 (26. Kxg2 $4 h5 27. Rf4 Qg5+) 26...a6 27. Qa3
{ more pieces to the king-side }
27...g6 (27...Qe8 28. Qc3 
{ also looks quite good }) 28. Qc3 Qe7 29. b3 Qa3
{ Naturally Black would prefer to keep Pc4, to keep the queen-side files closed to White's rooks and to have an offensive threat (to promote the pawn) . Perhaps he even has the idea of ...a6-a5-a4 and ...Re6-b6 to pile-up on Pb3. }
30. Qc2
{ For some reason Fritz7 thinks that getting rid of Pc4 changes the position enough, so it's equal. }
30...Qe7
{ threat: ...Re1+ mating! }
31. Kf1 cxb3 32. Qxb3 Qd6
{ This is a most peculiar position; White is ahead materially, but his king's position is weakened and Rg2 is pretty well stuck. I'd say Black has the advantage if I could find a way for him to attack several points at once to completely overload White's defenses. I suppose the obvious it to focus on Pd4 and Pf2 with ...Re6-e4-f4, ...Qd6-f6. }
33. Qd3 Qf4 (33...Re4) 34. Qd2 Qf5 35. Qd3 Re4
{ setting a very neat trap. After 36. f3?? Re1+ 37. Rxe1 Qxd3+ -+ }
36. Qb3 (36. Qxa6 $4 
{ underestimates Black's threats }
 36...Bxf2 37. Rxf2 Qh3+ 38. Kg1 Qg4+ 39. Kh1 Qxd1+ 40. Rf1 Re1 41. Rxe1 Qxe1+ 42. Kg2 Qe4+ 43. Kg3 Qxd4 $19) 36...Kg7 37. Qd3 h5 38. Qb3 Bf6 $17
{ Fritz7 (finally) ; This combined with ...h7-h5 might indicate Black intends ...h5-h4-h3 to completely disorganize White's king-side defenses. }
39. Rg3 Rf4 (
{ Fritz and Mark agree, also good is }
 39...Bxd4 40. Rxd4 $2  (40. Rg2 h4 
{ Fritz7 })  40...Rxd4 41. Qc3  (41. Qb2 $4 Qf6 $17)  41...Qf6 42. Rf3 Rd1+ 43. Ke2 Qxc3 44. Rxc3 Rb1 $17) 40. Qe3 h4 41. Rg2 Rf3 (41...h3 42. Rg3 Bh4 43. Kg1 Bxg3 44. fxg3 Qc2 45. Qd2 Qxd2 46. Rxd2 Re4 $19 
{ Fritz7; Optimistic I think, but clearly to Black's advantage. }) 42. Qe2 a5 43. Kg1 Rf4
{ intending ...h3 and perhaps ...Bf6-h4 to break through at f2, ensuring White's king will never be safe }
44. Kh1 Re4 (44...h3 45. Rg3 Rxf2 
{ Fritz7 and Mark agree! }) 45. Qf1 a4
{ It's wise for Black to spend the time advancing pawns while White is tied up. There could be a simple ending arising out of this and the more advanced pawns are the ones which could promote first. Of course, Black has to keep the pressure on, so White can't just walk over and grab Pa4. }
46. Rd2 Bxd4 47. Qd1 Be5 (47...Bc3 48. Rxd5  (48. Re2 Qf3 49. Rd2 Re1+ 50. Qxe1 h3 51. Qf1 Bxd2 52. Kg1 Qxg2+ 53. Qxg2 hxg2  54. Kxg2 $19 
{ Frit7 })  48...Qf4 49. Qd3 Re1+ 50. Rg1 Be5 51. Rxe5 Rxe5 52. Rf1 Qe4+ 53. Qxe4 Rxe4 $19 
{ Fritz7; again I think it's a little optimistic }) 48. f3 (48. Rxd5 Qf4) 48...Rb4
{ The simple threat of ...Rb4-b1 keeps Pd5 on the board! }
49. Rd3 h3 50. Re2 d4 (50...a3 
{ idea: ...Rb2; Rxd5 is met by ...Qxf3+; Fritz7 }) 51. Rf2 Bf4
{ threatening ...Bf4-e3 to chase Rf2 off the 2nd rank or away from the defense of Pf3 }
52. Qe2 Rb1+ $19 
{ according to Fritz7 }
 (52...Be3 53. Rf1 Qg5  (53...Qb5 $19 
{ Fritz7 }) ) 53. Rd1 (53. Rf1 Rb2  (53...Qe6 
{ with a huge advantage, Fritz7; I missed that one. }) 54. Qxb2 Qxd3
{ and Black has the terrific threat of ...Qxf1# when Rf1 has to stay on the f-file to defend Pf3 AND if Qb2-a1 then ...Qd3-e2 threatens ...Qg2# or ...Qxh2#! }) 53...d3 54. Qf1 Rxd1 55. Qxd1 d2
{ This pawn is worth a piece, but it would've been a little easier to get in position to escort it forward while it was still on d3. }
 (55...Qc5 56. Qa1+ Kg8 57. Qe1 a3 58. Rf1 Qc2 59. Rf2 d2 
{ and White loses his rook, Fritz7 }) 56. Re2 (56. Rxd2 Bxd2 57. Qxd2 Qxf3+ 58. Kg1 Qg2+ 59. Qxg2 hxg2 60. Kxg2 $19 
{ and Black wins the pawn ending easily }) 56...Qd3 57. Rf2 Be3 58. Rf1 Bd4
{ White's army is pretty well immobilized and Black just has to find one small breaking point; perhaps just letting White run out of moves. Qd1 can't move because of ...Qd3-e2-g2#. }
59. a3 Kg8 60. f4 Qe4+ 61. Rf3 Bf2
{ so that ...Qe4-e1+ can't be met by Rf3-f1 }
0-1

[Event "GMA, Wijk aan Zee NED"]
[Site "?"]
[Date "2003.??.??"]
[Round "4"]
[White "Bareev,E"]
[Black "Topalov,V"]
[Result "1/2"]
[WhiteElo "2725"]
[BlackElo "2740"]
[PlyCount "87"]

1.d4 Nf6 2.c4 e6 3.Nc3 Bb4 4.Qc2 d5 5.cxd5 Qxd5 6.e3 c5 7.Bd2 Bxc3 8.bxc3 
b6 9.Nf3 Nbd7 10.c4 Qd6 11.Be2 Bb7 12.Rd1 Rc8 13.O-O Qc7 14.dxc5 Nxc5 15.Nd4 
O-O 16.f3 Rfd8 17.Be1 Qe7 18.Bh4 Bc6 19.Nb5 h6 20.Rxd8+ Rxd8 21.e4 Bxb5 
22.cxb5 e5 23.Rd1 Ne6 24.Rxd8+ Qxd8 25.Qc1 Qd6 26.Bf2 Nd7 27.Bc4 Nd4 28.h3 
Nc5 29.Kh2 g5 30.Qa3 Qd7 31.Bg3 Qe7 32.Qb4 h5 33.Kh1 Qf6 34.Qa3 Kg7 35.Qxa7 
h4 36.Bxe5 Qxe5 37.Qxf7+ Kh6 38.Qf8+ Qg7 39.Qd6+ Kh7 40.Qxb6 Nxf3 41.gxf3 
Qa1+ 42.Kg2 Qb2+ 43.Kf1 Qc1+ 44.Kf2 1/2

[Event "GMA, Wijk aan Zee NED"]
[Site "?"]
[Date "2003.??.??"]
[Round "4"]
[White "Timman,J"]
[Black "Anand,V"]
[Result "1/2"]
[WhiteElo "2590"]
[BlackElo "2750"]
[PlyCount "45"]

1.d4 d5 2.c4 e6 3.Nc3 Be7 4.Nf3 Nf6 5.Bg5 h6 6.Bxf6 Bxf6 7.e3 O-O 8.Rc1 
c6 9.Bd3 Nd7 10.O-O dxc4 11.Bxc4 e5 12.h3 exd4 13.exd4 Nb6 14.Bb3 Re8 15.Re1 
Bf5 16.Rxe8+ Qxe8 17.Qd2 Qd7 18.Re1 a5 19.a3 Re8 20.Rxe8+ Qxe8 21.Qf4 Be6 
22.Bxe6 Qxe6 23.Qb8+ 1/2

[Event "GMA, Wijk aan Zee NED"]
[Site "?"]
[Date "2003.??.??"]
[Round "4"]
[White "Ponomariov,R"]
[Black "Shirov,A"]
[Result "0-1"]
[WhiteElo "2730"]
[BlackElo "2720"]
[PlyCount "84"]
[Annotator "Boris Alterman and Jason Doss"]

1. d4 Nf6 2. c4 e6 3. Nf3 d5 4. Nc3 c6 5. Bg5 dxc4 6. e4 b5 7. e5 h6 8. Bh4 g5
9. Nxg5 hxg5 10. Bxg5 {This is interesting, but most certainly a dubious
choice by Ruslan. Shirov is a well known specialist of the Botvinnik variation,
and this is the first time Ponomariov has played it in his life.} 10... Nbd7
11. g3 Bb7 12. exf6 c5 13. d5 Qb6 14. Bg2 O-O-O 15. O-O b4 16. Na4 Qb5 17. a3
exd5 18. axb4 cxb4 19. Be3 (19. h4 Nc5 20. Qg4+ Qd7 21. Nxc5 Bxc5 22. Qxd7+
Rxd7 23. Bh3 d4 $1) 19... Nc5 20. Qg4+ Rd7 21. Qg7 $5 {This brilliant Qg7
sacrifice was first played in a game between Ivanchuk and Shirov in the same
tournament in Wijk ann Zee only 7 years ago. The theory still has no clear
answer as to whether or not white has enough compensation for such a sacrifice.
This time Alexey demonstrates a new idea which will probably reanimate the
variation .} 21... Bxg7 22. fxg7 Rg8 23. Nxc5 Rxg7 {Novetly ....} 24. Nxd7 (24.
Bh3 f5 $1 25. Bxf5 d4 $1 26. Bxd4 Qc6 $1 27. Nxb7 Kxb7 $11) 24... Qxd7 (24...
Kxd7 25. Rxa7 $16) 25. Rxa7 Rg6 $1 {Activating his last piece and threatening
Ra6! ,exchanging the rooks .Less accurate but still playable is:} (25... f5 $5
26. Rfa1 (26. h4 Qe6 27. Bf4 d4 28. Rfa1 Bxg2 29. Rxg7 Bd5) 26... Re7 $1 {
With the idea of Re3!}) (25... Qf5 $6 26. h4 Qc2 27. Re1 Qxb2 (27... Rg6) 28.
Bb6 {with the dangerous threats of Re8 and Re7!}) 26. Rfa1 Re6 $3 {This move so
lves all of black's problems. Now it is White who should play carefully to
keep the balance! Shirov is ready for the exchange sacrifice Re3!, which will
eliminate whites attacking potential.} (26... Qf5 27. h4 c3 (27... Qe5 28. Bf4
Qxb2 29. R1a5 Bc6 30. Bxd5 Qb1+ 31. Kh2 Bxd5 32. Rxd5 $18) 28. bxc3 bxc3 (28...
b3 29. Kh2 b2) 29. Kh2 $16) 27. Bd4 $2 {
Ruslan over estimates his position . Still unclear was:} (27. h4 Rxe3 28. fxe3
Qe6 29. Kh2 Qxe3 30. Rf1) (27. Ra8+ {or} 27... Kc7 28. Bf4+ Kb6 $13) 27... Re2
28. h4 {Another failed attempt would be:} (28. Bf3 Rd2 $1 29. Ra8+ Bxa8 30.
Rxa8+ Kb7 31. Ra7+ Kc6 32. Rxd7 Kxd7 $17) (28. Rd1 $5 {
However, this move deserves attention.}) 28... Rd2 $1 (28... Qg4 29. Rxb7 Kxb7
30. Bxd5+ Kc8 $2 (30... Kc7 31. Bc5 Qc8 32. Ra7+ Kd8 33. Ra8 Qxa8 34. Bxa8 c3
35. bxc3 b3 36. Be3 f5 $19) 31. Bc5 $11) 29. Be3 {Ruslan offers another pawn ,
but black's pawn majority on the Queen side becomes much more convincing than
Ponomariov's counter-attacking chances against the black's King .} 29... Rxb2
30. R1a5 b3 $1 31. Rc5+ (31. Rxb7 Qxb7 32. Rc5+ Kb8) 31... Kd8 32. Rxb7 {
The last chance. Ponomariov wins back a Queen and bishop for two rooks. The
resulting material situation of two Bishops and 3 pawns vs. a Rook and 3 pawns
seems to be good enough for white ,unfortunately white is still lost! Black's
passed pawns are too far advanced and black immediately benefits from this by
winning one of white's bishops.} 32... Qxb7 (32... Rb1+ 33. Kh2 Qxb7 34. Rxd5+
Qxd5 35. Bxd5 b2 36. Be4 Rd1 37. Bc2 c3 $19) 33. Rxd5+ Qxd5 34. Bxd5 Rb1+ 35.
Kg2 b2 36. Bg5+ Ke8 37. Be4 Rd1 $1 {with the idea Rd3!} (37... Re1 38. Bf6 b1=Q
39. Bxb1 Rxb1) 38. Bf6 b1=Q 39. Bxb1 Rxb1 40. h5 Kf8 41. g4 Rd1 $1 {
White's position is hopeless -} 42. Bb2 {Matters don't change if:} (42. Kf3 c3
$1 43. Bxc3 Rd3+ {capturing the bishop}) Kg8 
0-1

[Event "GMA, Wijk aan Zee NED"]
[Site "?"]
[Date "2003.??.??"]
[Round "4"]
[White "Van Wely,L"]
[Black "Radjabov,T"]
[Result "1/2"]
[WhiteElo "2665"]
[BlackElo "2620"]
[PlyCount "160"]

1.d4 e6 2.c4 f5 3.g3 Nf6 4.Bg2 d5 5.Nf3 c6 6.O-O Bd6 7.b3 Qe7 8.Ne5 Nbd7 
9.Bb2 Ne4 10.f3 Nef6 11.e3 O-O 12.Nd2 g5 13.e4 f4 14.Nxd7 Nxd7 15.Qe1 Rf7 
16.Bh3 Nf8 17.Kh1 Ng6 18.e5 Bc7 19.Rg1 Bd7 20.a4 Ba5 21.Ba3 Bb4 22.Bxb4 
Qxb4 23.gxf4 Nxf4 24.Rxg5+ Kh8 25.Bf1 Qc3 26.Rd1 Raf8 27.Qf2 c5 28.cxd5 
Nxd5 29.Ne4 Qxb3 30.Rd3 Qb1 31.Nxc5 Bc6 32.Rg3 Nf4 33.Rb3 Qd1 34.Rg1 Rg8 
35.Bg2 Nh3 36.Bxh3 Rxf3 37.Rxf3 Bxf3+ 38.Bg2 Rxg2 39.Rxd1 Rxf2+ 40.Kg1 
Rg2+ 41.Kf1 Rxh2 42.Rd3 Bd5 43.Rg3 Rh6 44.Nd7 Rg6 45.Rc3 Bc6 46.Nf6 Kg7 
47.a5 a6 48.Kf2 Rg2+ 49.Kf1 Rg5 50.Kf2 h6 51.Rh3 Rg2+ 52.Ke3 Ra2 53.Rg3+ 
Kf7 54.Ng4 Ra3+ 55.Kf4 Rxg3 56.Kxg3 Kg6 57.Kf4 b6 58.axb6 a5 59.Ne3 a4 
60.Nc4 Bd5 61.Kg4 h5+ 62.Kf4 Bg2 63.Kg3 Ba8 64.Kf4 Bb7 65.Na3 Bg2 66.Kg3 
Bc6 67.Kf4 Ba8 68.Nb5 Bc6 69.Na3 Kf7 70.Kg5 Ke7 71.Kxh5 Kd7 72.Kg5 Bd5 
73.Kf4 Kc6 74.Ke3 Kxb6 75.Kd3 Ka5 76.Kc3 Bb3 77.Nb1 Kb5 78.Na3+ Kc6 79.Kb4 
Kd5 80.Kc3 Kc6 1/2

[Event "GMA, Wijk aan Zee NED"]
[Site "?"]
[Date "2003.??.??"]
[Round "4"]
[White "Kramnik,V"]
[Black "Krasenkow,M"]
[Result "1-0"]
[WhiteElo "2805"]
[BlackElo "2630"]
[PlyCount "159"]

1.e4 e5 2.Nf3 Nc6 3.Bc4 Bc5 4.c3 Nf6 5.d3 a6 6.Bb3 O-O 7.O-O d5 8.exd5 
Nxd5 9.h3 Nb6 10.Re1 h6 11.Nbd2 Qxd3 12.Nxe5 Qg3 13.Qf3 Qxf3 14.Ndxf3 Ne7 
15.Nd3 Bd6 16.Bf4 Ng6 17.Bxd6 cxd6 18.Re4 a5 19.Rd4 Rd8 20.Rd1 d5 21.Nc5 
Ne7 22.a4 Re8 23.R4d2 Nd7 24.Nxd7 Bxd7 25.c4 dxc4 26.Rxd7 cxb3 27.Rxb7 
Rab8 28.R1d7 Nc6 29.Rxf7 Rxb7 30.Rxb7 Re4 31.Rxb3 Rxa4 32.Rb6 Rc4 33.g3 
a4 34.h4 Nd4 35.Ne5 Rc5 36.Rb8+ Kh7 37.Nd7 Rb5 38.Ra8 Ne2+ 39.Kg2 Rxb2 
40.h5 Nc3 41.Ne5 Rb5 42.f4 Ne4 43.g4 Nf6 44.Ng6 Ng8 45.Nf8+ Kh8 46.Ng6+ 
Kh7 47.Kf3 Rb3+ 48.Ke4 a3 49.Nf8+ Kh8 50.Ng6+ Kh7 51.g5 hxg5 52.fxg5 Rb4+ 
53.Kf5 Rb5+ 54.Kg4 Rb4+ 55.Kf5 Rb5+ 56.Kg4 Rb4+ 57.Nf4 a2 58.Rxa2 Ne7 59.Ra8 
Ng8 60.Ra7 Kh8 61.Ra8 Kh7 62.Rf8 Kh8 63.Kf3 Rb3+ 64.Ke4 Rb4+ 65.Ke5 Rb5+ 
66.Nd5 Ra5 67.Rd8 Kh7 68.g6+ Kh8 69.h6 Ra7 70.Ne3 gxh6 71.Nf5 Ra5+ 72.Kf4 
Ra4+ 73.Kf3 Ra3+ 74.Kg4 Ra4+ 75.Kh5 Ra7 76.Rf8 Rb7 77.Kh4 Rb4+ 78.Kg3 Rb6 
79.Ne7 Kg7 80.Rf7+ 1-0